Ada twist, scientist / (Record no. 9399)

MARC details
000 -LEADER
fixed length control field 01004nam a22003017a 4500
001 - CONTROL NUMBER
control field 9399
003 - CONTROL NUMBER IDENTIFIER
control field FISKH
005 - DATE AND TIME OF LATEST TRANSACTION
control field 20251219145100.0
008 - FIXED-LENGTH DATA ELEMENTS--GENERAL INFORMATION
fixed length control field 251219b cb ||||| |||| 00| 0 eng d
020 ## - INTERNATIONAL STANDARD BOOK NUMBER
International Standard Book Number 9781419721373
040 ## - CATALOGING SOURCE
Original cataloging agency FISKH
Language of cataloging eng
Transcribing agency FISKH
Modifying agency FISKH
050 ## - LIBRARY OF CONGRESS CALL NUMBER
Classification number PZ8.B38447 A
082 ## - DEWEY DECIMAL CLASSIFICATION NUMBER
Classification number 813.6
100 ## - MAIN ENTRY--PERSONAL NAME
Personal name Beaty, Andrea
Relator term Author
245 ## - TITLE STATEMENT
Title Ada twist, scientist /
Statement of responsibility, etc. by Andrea Beaty ; illustrated by David Roberts
260 ## - PUBLICATION, DISTRIBUTION, ETC.
Place of publication, distribution, etc. New York :
Name of publisher, distributor, etc. Abrams Books for Young Readers ,
Date of publication, distribution, etc. 2016
300 ## - PHYSICAL DESCRIPTION
Extent 32 unnumbered pages :
Other physical details color illustrations ;
Dimensions 29 cm
490 ## - SERIES STATEMENT
Series statement The questioneers
Volume/sequential designation 2
505 ## - FORMATTED CONTENTS NOTE
Formatted contents note N<br/>
520 ## - SUMMARY, ETC.
Summary, etc. Ada Twist is a very curious girl who shows perseverance by asking questions and performing experiments to find things out and understand the world.
521 8# - TARGET AUDIENCE NOTE
Target audience note 550<br/>
Source Lexile AD<br/>
521 8# - TARGET AUDIENCE NOTE
Target audience note N<br/>
Source Raz-Plus<br/>
650 ## - SUBJECT ADDED ENTRY--TOPICAL TERM
Topical term or geographic name entry element Rhyming
Form subdivision Science
650 ## - SUBJECT ADDED ENTRY--TOPICAL TERM
Topical term or geographic name entry element Scientists
Form subdivision STEM
700 ## - ADDED ENTRY--PERSONAL NAME
Personal name Roberts, David
Relator term Illustrator
942 ## - ADDED ENTRY ELEMENTS (KOHA)
Source of classification or shelving scheme Dewey Decimal Classification
Koha item type Books
Suppress in OPAC No
Holdings
Withdrawn status Lost status Source of classification or shelving scheme Damaged status Not for loan Collection Home library Current library Shelving location Date acquired Total Checkouts Full call number Barcode Date last seen Copy number Price effective from Koha item type
    Dewey Decimal Classification     Non-Fiction Footprints International School Library Network Toul Tom Poung Campus Footprints International School Library Network Toul Tom Poung Campus TTP Primary Yellow Bookshelves 12/19/2025   BEA 813.6 PZ8.B38447 A 2025-5132 12/19/2025 1 12/19/2025 Books